000 00432nam a2200157 4500
001 126097
003 ES-MaACL
005 20230906192744.0
007 t|
008 070214s1931 gw r ||||1| ger d
100 1 _aReiner, Hans.
_996046
245 1 0 _aPhèanomenologie und menschliche Existenz /
_cHans Reiner.
260 _aHalle :
_bMax Niemeyer,
_c1931.
300 _aVI, 26 p. ;
_c22 x 14 cm.
852 _aES-MaACL
_j1783-F-29
999 _c126097
_d126097